01664nam a2200301 4500001000400000003000400004005001700008008004100025040000800066041001300074082001500087100003300102240002200135245009500157260003300252300001100285520086600296650002301162650002201185650001301207650001501220650003001235650001601265650001001281655001201291655001601303700004301319125OSt20250528074012.0250128b |||||||g |||| 00| 1 eng d bpor hengapor a823bC555b1 aChristie, Agatha,d1890-1976 aSparkling cyanide aUm brinde de cianureto /cChristie, Agatha ; Tradução de Maria Regina Daltro Ferreira aRio de JaneirobRecordc1987 a202 p. aNum restaurante de luxo, sete pessoas à volta de uma mesa comemoram o aniversário da deslumbrante Rosemary Barton. As luzes suaves, as flores, a orquestra, nada fazia prever o seu trágico desfecho: em plena festa, Rosemary cai fulminada entre os convidados... Diagnóstico: morte por envenenamento, Todos os fatos eram compatíveis com suicídio. Duas cartas anônimas, no entanto, revelam, quase um ano depois, que Rosemary fora vítima de um assassinato. Tem início então, numa hábil trama novelesca, um estranho jogo de hipóteses que mantém o leitor em suspense. A quem interessaria o crime? Afinal, cada um dos convidados tem sua razão - ou motivo oculto - para matar Rosemary... Como só Agatha Christie sabe fazer, o leitor é conduzido página a página com extrema engenhosidade, até o desconcertante e sensacional desfecho. 0aLiteratura Inglesa 0aRomance Policial  0aSuspense 0aMistério 0aCrime e Investigação  0aClássicos 0aFilme 0aRomance 0aFicção  aMaria Regina Daltro FerreiraeTradutor